| 000 | 01129 a2200217 4500 | ||
|---|---|---|---|
| 003 | Nust | ||
| 005 | 20221117130938.0 | ||
| 010 | _a 87002922 | ||
| 020 | _a007055627X | ||
| 040 | _cNust | ||
| 082 | 0 | 0 | _a621.38,KUM |
| 100 | 1 |
_a Kumar,K Murugesh _9102852 |
|
| 245 | 1 | 0 |
_aBasic electrical and electronics engineering / _cK Murugesh Kumar |
| 260 |
_aNew Delhi _bVikas publishing house _c2001. |
||
| 300 |
_ax, 411 p. : _bill. (some col.) ; _c27 cm. |
||
| 505 | _aBasics of Electrical Engineering (Page-1), DC Circuits (Page-17), AC Circuits (Page-35), Magnetic Circuits (Page-77), Principles of Electrical Machines (Page-91), Electrical Machines (Page-113), Measuring Instruments (Page-159), Domestic Wiring (Page-175), Power System (Page-189), Passive Electronic Components (Page-199), Basic Semiconductor Devices and Circuits (Page-215), Special Semiconductor Devices (Page-257), Transducers (Page-271), Linear and Digital Integrated Circuits (Page-285), Fundamentals of Computers (Page-315). | ||
| 650 | 0 | _aElectrical engineering. | |
| 650 | 0 | _aElectronics. | |
| 700 | 1 |
_aFowler, Richard J. _959731 |
|
| 942 |
_2ddc _cBK |
||
| 999 |
_c181129 _d181129 |
||